Vernosť platí aj v bábkovom umení

Bibliographic Details
Main Authors: Predmerský, Vladimír, 1932- (Author), Dubeň, Štefan (Author)
Format: Article
Language:Slovak
PhysicalDescription:Obr. 1.
Subjects:

MARC

LEADER 00000nab a2200000 a 4500
001 vtls000071651
003 SK-MaSNL
005 20260303235355.0
008 111103c1980 xo 0 slo
015 |a SNBRB19rr/mm-uuuuu 
035 |a CL0081752 
040 |a SNKBUCL  |b slo  |c SNKBUCL  |e AACR2 
041 0 |a slo 
044 |a xo  |c SK 
080 |a 792.9  |2 1981 
100 1 |a Predmerský, Vladimír,  |d 1932-  |4 aut  |9 206231 
245 1 0 |a Vernosť platí aj v bábkovom umení  |c Vladimír Predmerský, Štefan Dubeň 
300 |b Obr. 1. 
650 0 7 |a bábkové divadlo  |2 snkbucl  |9 3309 
655 7 |a články z novín a časopisov  |2 snkbucl  |9 267496 
700 1 |a Dubeň, Štefan  |4 aut  |9 768144 
773 0 |t Večerník  |g Roč. 25, č. 215 (31. 10. 1980), s. 6-7 
850 |a Slovenská národná knižnica v Martine  |a MTA001 
852 |a SNK  |b KIS3GCP 
958 |a RK 
992 |a RBX 
999 |c 2525488  |d 2527418